000 00467cam a22001337a 4500
999 _c508545
_d508545
008 180718b xxu||||| |||| 00| 0 eng d
082 _aR11x5453 K45/1981-82
100 _aKerala. Department of National Employment Service
_93943
245 _aEmployment review of Kerala , 1981-82
_cby Department of National Employment Service
260 _aTrivandrum
_bGovernment of Kerala
_c1982
300 _a8+p.
650 _aEmployment review - India - Kerala
_93944
942 _2ddc